|
|
|
|
| LEADER |
00985nam a2200253 a 4500 |
| 001 |
GR-Patra15753 |
| 008 |
030801s1998 mau g 000 0 gre d |
| 020 |
|
|
|a 1578513014
|
| 040 |
|
|
|a GrPaTEI
|b gre
|c GR-PaULI
|
| 040 |
|
|
|a GrPaTEI
|b gre
|c GR-PaULI
|
| 082 |
|
0 |
|a 658.403
|2 21
|
| 100 |
1 |
|
|a Davenport, Thomas H.
|
| 245 |
1 |
0 |
|a Working knowledge :
|b how organizations manage what they know /
|c Thomas H. Davenport, Laurence Prusak.
|
| 260 |
|
|
|a Boston :
|b Harvard business school press,
|c c2000
|
| 300 |
|
|
|a xxiv, 197σ.
|
| 650 |
|
0 |
|a INDUSTRIAL MANAGEMENT
|
| 650 |
|
0 |
|a Information resources management
|
| 650 |
|
0 |
|a Organizational learning
|
| 700 |
1 |
|
|a Prusak, Laurence
|
| 710 |
0 |
|
|a Harvard Business School
|
| 942 |
|
|
|2 ddc
|
| 952 |
|
|
|0 0
|1 0
|2 ddc
|4 0
|6 658_403000000000000_DAV
|7 0
|9 295091
|a LISK
|b LISK
|c BSC
|d 2021-01-17
|e 24
|f 0
|g 0.00
|l 0
|o 658.403 DAV
|p 92410020982
|r 2021-01-17 00:00:00
|t 1
|w 2021-01-17
|y BK15
|x 20030801 0 1
|x GrPaTEI
|
| 971 |
|
|
|a .b26632688
|b 15-04-20
|c 23-09-16
|
| 999 |
|
|
|c 172165
|d 172165
|